| 000 | 01943nam0a2200337 i 4500 | ||
|---|---|---|---|
| 001 | RU\NLR\BIBL_A\010410103 | ||
| 005 | 20260407150440.0 | ||
| 010 |
_a9785951502438 _9500 |
||
| 021 |
_aRU _b2014-30421 _91866 |
||
| 035 | _a(NILC)RuMoRGB-007211616 | ||
| 035 | _a(NLR Aleph) 010410103 | ||
| 090 |
_a9751914 _c9751914 |
||
| 100 | _a20140630d2014 um y0rusy50 ca | ||
| 101 | 0 | _arus | |
| 102 | _aRU | ||
| 105 | _aach|z|||000yb | ||
| 200 | 1 |
_aИстинный патриот России Виктор Никитович Михайлов _e[к 80-летию Виктора Никитовича Михайлова, академика РАН и РАРАН, доктора технических наук, профессора, лауреата Ленинской и Государственной премий СССР и РФ] _fФГУП "Рос. федер. ядер. центр - Всерос. НИИ эксперимент. физики" _g[сост.: О.Ю. Смирнова] |
|
| 210 |
_aСаров _cРФЯЦ-ВНИИЭФ _d2014 |
||
| 215 |
_a109 с. _cил., цв. ил., портр., факс. _d29 |
||
| 320 | _aБиблиогр.: с. 109 (11 назв.) | ||
| 333 | _a12+ | ||
| 600 | 1 |
_aМихайлов _bВиктор Никитович _f1934 - 2011 _gВ. Н. _92192953 _3RU\NLR\AUTH\6601553749 |
|
| 686 | 1 | _aВ38д(2)Михайлов | |
| 702 | 1 |
_4220 _8rus _7ca _aСмирнова _bО. Ю. _cканд. филос. наук _gОльга Юрьевна _3RU\NLR\AUTH\7731087 _914100 |
|
| 702 | 1 |
_4570 _8rus _7ca _aМихайлов _bВ. Н. _cд-р техн. наук, физик-ядерщик _f1934-2011 _gВиктор Никитович _3RU\NLR\AUTH\7760560 _943491 |
|
| 712 | 0 | 2 |
_4570 _aВсероссийский НИИ экспериментальной физики _cСаров _3RU\NLR\AUTH\8810024997 _9548243 |
| 801 | 0 |
_aRU _bРГБ _c20140429 _gRCR |
|
| 942 | _cBOOK | ||
| 980 | _aNBR | ||